Growth theory
Saved in:
| Other Authors: | , |
|---|---|
| Format: | Book |
| Language: | English |
| Published: |
Aldershot :
Edward Elgar,
c1991
|
| Series: | International library of critical writings in economics ;
; 10 |
| Subjects: | |
| Tags: |
Add Tag
No Tags, Be the first to tag this record!
|
MARC
| LEADER | 00000nam a2200000 i 4500 | ||
|---|---|---|---|
| 001 | 1/42545 | ||
| 008 | 960212s1991 eng d | ||
| 020 | |a 1-85278-189-0 | ||
| 035 | |l 10025610 | ||
| 040 | |a GR-MY-UA |b gre |e aacr | ||
| 041 | 0 | |a eng | |
| 082 | 0 | |a 338.9001 | |
| 245 | 1 | 0 | |a Growth theory / |c Edited by R. Becker; E. Burmeister |
| 260 | |a Aldershot : |b Edward Elgar, |c c1991 | ||
| 300 | |a 3 v. |b fig. | ||
| 490 | 1 | |a The international library of critical writings in economic |v ; 10 | |
| 504 | |a Includes bibliograhical references and index | ||
| 505 | 0 | |a Volume 1: Descriptive growth theoriesVolume 2: Optimal growth theoriesVolume 3: Equlibrium growth theories | |
| 650 | 0 | 0 | |a Economic development. |
| 650 | 0 | 0 | |a Technological innovations |x Economic aspects. |
| 700 | 1 | |a Becker, R. |q (Robert) |4 edt | |
| 700 | 1 | |a Burmeister, Edwin. |4 edt | |
| 740 | 0 | 2 | |a Descriptive growth theories |
| 740 | 0 | 2 | |a Optimal growth theories |
| 740 | 0 | 2 | |a Equilibrium growth theories |
| 830 | 0 | |a International library of critical writings in economics ; |v ; 10 | |
| 852 | |a INST |b CHIOS |e 19960212 |h 338.9001 GRO |p 005200001013 |q 005200001013 |t BK |y 0 |z v.3 | ||
| 852 | |a INST |b CHIOS |e 19960212 |h 338.9001 GRO |p 005200001014 |q 005200001014 |t BK |y 0 |z v.2 | ||
| 852 | |a INST |b CHIOS |e 19960212 |h 338.9001 GRO |p 005200015000 |q 005200015000 |t BK |y 0 |z v.1 | ||
| 852 | |a INST |b CHIOS |e 19960212 |h 338.9001 GRO |p 005200001013 |q 005200001013 |t BK |v v.3: |y 0 |z v.3 | ||
| 852 | |a INST |b CHIOS |e 19960212 |h 338.9001 GRO |p 005200001014 |q 005200001014 |t BK |v v.2: |y 0 |z v.2 | ||
| 852 | |a INST |b CHIOS |e 19960212 |h 338.9001 GRO |p 005200015000 |q 005200015000 |t BK |v v.1: |y 0 |z v.1 | ||
| 852 | |a INST |b LESVOS |e 19980807 |h 338.9001 GRO |p 005100013541 |q 005100013541 |t BK |y 0 |z v.3. | ||
| 852 | |a INST |b LESVOS |e 19980807 |h 338.9001 GRO |p 005100013542 |q 005100013542 |t BK |y 0 |z v.2. | ||
| 852 | |a INST |b LESVOS |e 19980717 |h 338.9001 GRO |p 005100013543 |q 005100013543 |t BK |y 0 |z v.1. | ||
| 852 | |a INST |b LESVOS |e 19980807 |h 338.9001 GRO |p 005100013541 |q 005100013541 |t BK |v v.3.: |y 0 |z v.3. | ||
| 852 | |a INST |b LESVOS |e 19980807 |h 338.9001 GRO |p 005100013542 |q 005100013542 |t BK |v v.2.: |y 0 |z v.2. | ||
| 852 | |a INST |b LESVOS |e 19980717 |h 338.9001 GRO |p 005100013543 |q 005100013543 |t BK |v v.1.: |y 0 |z v.1. | ||
| 853 | |a INST |b CHIOS |h 338.9001 GRO | ||
| 853 | |a INST |b LESVOS |h 338.9001 GRO | ||
| 901 | |a BIBL-1998-2 | ||
| 909 | |a Χ |b 038386 | ||
| 909 | |a Χ |b 038384 | ||
| 909 | |a Χ |b 038385 | ||
| 909 | |a Λ |b 058359 | ||
| 909 | |a Λ |b 058360 | ||
| 909 | |a Λ |b 058361 | ||
| 922 | |a 1ΕΛΗ |b 199807 |c ΚΠΣ/ΤΠ |d ΠΑΠΑΣΩΤΗΡΙΟΥ | ||
| 950 | |a 107-1998-04-06 | ||